Life : (Record no. 134993)

MARC details
000 -LEADER
fixed length control field 00671nam a22002297a 4500
005 - DATE AND TIME OF LATEST TRANSACTION
control field 20170124110238.0
010 ## - LIBRARY OF CONGRESS CONTROL NUMBER
LC control number A-518081
020 ## - INTERNATIONAL STANDARD BOOK NUMBER
Terms of availability 25.00
035 ## - SYSTEM CONTROL NUMBER
System control number A-518081
037 ## - SOURCE OF ACQUISITION
Source of stock number/acquisition Cen Lib/Ret
040 ## - CATALOGING SOURCE
Original cataloging agency DPL
Language of cataloging EN
082 ## - DEWEY DECIMAL CLASSIFICATION NUMBER
Classification number 570
Item number SAR
100 ## - MAIN ENTRY--PERSONAL NAME
Personal name Sarker, Manash Kumar
9 (RLIN) 87779
245 ## - TITLE STATEMENT
Title Life :
Statement of responsibility, etc by Manash Kumar Sarker
Remainder of title theories of energies and completions /
260 ## - PUBLICATION, DISTRIBUTION, ETC. (IMPRINT)
Place of publication, distribution, etc Calcutta
Name of publisher, distributor, etc Sarker Publications
Date of publication, distribution, etc 1991
270 ## - ADDRESS
Address 8/4e, Birpara Lane
City Calcutta
Postal code 700030
300 ## - PHYSICAL DESCRIPTION
Extent 115p.
Dimensions 21cm(Hb)
500 ## - GENERAL NOTE
General note Includes index
650 ## - SUBJECT ADDED ENTRY--TOPICAL TERM
Topical term or geographic name as entry element Matter and Energy
9 (RLIN) 87780
650 ## - SUBJECT ADDED ENTRY--TOPICAL TERM
Topical term or geographic name as entry element Theory of Atoms
9 (RLIN) 87781
942 ## - ADDED ENTRY ELEMENTS (KOHA)
Source of classification or shelving scheme Dewey Decimal Classification
Koha item type English Books
Classification part 570
Call number suffix SAR
Holdings
Withdrawn status Lost status Damaged status Not for loan Home library Current library Date acquired Source of acquisition Cost, normal purchase price Total Checkouts Full call number Barcode Date last seen Copy number Cost, replacement price Price effective from Koha item type Public note
Written off       Central Library Central Library 19/09/2015 Cen Lib/Ret 25.00   570 SAR A-518081 19/09/2015 1 25.00 19/09/2015 English Books Written off on approval by DLB (By Circulation); dtd 15-06-2023

© Delhi Public Library
Hit Counter
free hit counter